Cuentos de la selva / (Registro nro. 8255)
[ vista simple ]
| 000 -LIDER | |
|---|---|
| fixed length control field | 00827nam a2200277 a 4500 |
| 001 - NÚMERO DE CONTROL | |
| Identificador de número de control | 002 |
| 003 - IDENTIFICACDOR DE NÚMERO DE CONTROL | |
| control field | DO-SdBNP |
| 005 - DATE AND TIME OF LATEST TRANSACTION | |
| control field | 20231122094314.0 |
| 007 - CAMPOS FIJOS DE DESCRIPCIÓN FÍSICA | |
| fixed length control field | 002 |
| 008 - ELEMENTOS DE LONGITUD FIJA | |
| fixed length control field | 111012s2012 mx 000 spa d |
| 020 ## - ISBN | |
| International Standard Book Number | 9685146144 |
| 040 ## - FUENTE DE CATALOGACIÓN | |
| Agencia que crea de manera original el registro | BPMSU |
| Idioma de catalogación | spa |
| Agencia que realiza la transcripción | BPMSU |
| 082 ## - NÚMERO DE CLASIFICACIÓN DECIMAL DE DEWEY | |
| Classification number | Ma 863.5 |
| Item number | Q484C |
| 100 ## - ASIENTO PRINCIPAL -- NOMBRE PERSONAL | |
| Nombre personal | Quiroga, Horacio, |
| Fechas asociadas con el nombre | 1878-1937. |
| 245 10 - MENCIÓN DE TITULO | |
| Título | Cuentos de la selva / |
| Mención de responsabilidad | Horacio Quiroga. |
| 260 ## - PUBLICACIÓN, DISTRIBUCIÓN, ETC. (PIE DE IMPRENTA) | |
| Lugar de publicación, distribución, etc | México : |
| Nombre del editor, distribuidor, etc. | Ediciones Leyenda, |
| Fecha de publicación, distribución, etc | 2012 |
| 300 ## - DESCRIPCIÓN FÍSICA | |
| Extensión | 87 p. : |
| Otros detalles físicos | il. ; |
| Dimensiones | 23 cm. |
| 490 0# - MENCIÓN DE SERIES | |
| Mención de serie | Clásicos |
| 500 ## - NOTA GENERAL | |
| Nota general | Incluye datos biográficos del autor en la solapa de la cubierta |
| 590 ## - NOTA LOCAL | |
| Texto de la nota local | Inventariado, 2023/VM |
| 650 #4 - ENCABEZAMIENTO DE MATERIA--TEMÁTICO | |
| Término temático o nombre geográfico como elemento de entrada | Vida de la selva |
| Subdivisión de forma | Cuentos |
| 650 #4 - ENCABEZAMIENTO DE MATERIA--TEMÁTICO | |
| Término temático o nombre geográfico como elemento de entrada | Cuentos juveniles uruguayos |
| 650 #4 - ENCABEZAMIENTO DE MATERIA--TEMÁTICO | |
| Término temático o nombre geográfico como elemento de entrada | Animales |
| Subdivisión de forma | Cuentos |
| 910 ## - VALIDACIÓN | |
| Validación | VMateo V. Control de calidad. BPMSU |
| 942 ## - ADDED ENTRY ELEMENTS (KOHA) | |
| Source of classification or shelving scheme | Dewey Decimal Classification |
| Koha item type | Libros |
| Withdrawn status | Lost status | Source of classification or shelving scheme | Damaged status | Not for loan | Collection code | Home library | Current library | Date acquired | Source of acquisition | Total Checkouts | Full call number | Barcode | Date last seen | Price effective from | Koha item type | Copy number |
|---|---|---|---|---|---|---|---|---|---|---|---|---|---|---|---|---|
| Dewey Decimal Classification | Colección Juvenil General | Biblioteca Pública Metropolitana Salomé Ureña | Biblioteca Pública Metropolitana Salomé Ureña | 09/17/2015 | Compra | BPMSU CGJ U863.5 Q8c 2012 | BPMSU15090085 | 09/17/2015 | 09/17/2015 | Libros | ||||||
| Dewey Decimal Classification | Colección Juvenil General | Biblioteca Pública Metropolitana Salomé Ureña | Biblioteca Pública Metropolitana Salomé Ureña | 09/17/2015 | Compra | BPMSU CGJ U863.5 Q8c 2012 | BPMSU15090086 | 09/17/2015 | 09/17/2015 | Libros | e.2 | |||||
| Dewey Decimal Classification | Colección Juvenil General | Biblioteca Pública Metropolitana Salomé Ureña | Biblioteca Pública Metropolitana Salomé Ureña | 09/17/2015 | Compra | BPMSU CGJ U863.5 Q8c 2012 | BPMSU15090087 | 09/17/2015 | 09/17/2015 | Libros | e.3 |